Œuvres et recettes de flammekueche - Statistiques

Statistiques générales
  • Ce quiz a été pris 29 fois
  • Le résultat moyen est 7 sur 12
Statistiques - réponses
Nom Réponses % Correct
Game of Tomme Game of Thrones
89%
Knack Knack on Heaven's Door Saucisse de Strasbourg
89%
Game of Tomme Tomme
86%
La fourme, Loire et beauté Fourme de Montbrison
82%
Epoisses-moi idiot Epoisses
71%
La fourme, Loire et beauté Amour, gloire et beauté
71%
Puissance 4 4 fromages
50%
Puissance 4 Puissance 4
36%
Epoisses-moi idiot Embrasse-moi idiot
32%
La bonne flamme du curé La Bonne du curé
32%
Knack Knack on Heaven's Door Knockin' on Heaven's Door
21%
La bonne flamme du curé Curé nantais
14%
Aucun quiz correspondant
Distribution des résultats
% des personnes avec chaque résultat
Percentile par nombre de réponses
Votre historique - résultats
Vous n’avez pas pris ce quiz